| 000 | 01141nam a2200229Ia 4500 | ||
|---|---|---|---|
| 003 | Ost | ||
| 005 | 20260507075637.0 | ||
| 008 | 260507s9999||||xx |||||||||||||| ||und|| | ||
| 020 | _a9771031376 | ||
| 040 | _cfsecg | ||
| 041 | _aara | ||
| 082 | _a386.1 | ||
| 100 |
_aعثمان، هارون أحمد _eمؤلف |
||
| 245 | 0 |
_aالإقتصاد البحري مع إشارة خاصة لمشاكل الدول النامية / _c هارون أحمد عثمان |
|
| 260 |
_aالإسكندرية: _bمنشأة المعارف, _c[د.ت.] |
||
| 300 |
_a367 صفحة؛ _bإيضاحات ؛ _c24 سم |
||
| 520 | _aوضع النقل البحري في الإقتصاد القومي- السفن النظامية والتسعير في ظل نظم المؤتمرات الملاحية- حقائق الموقف الراهن- الحلول الخاصة بمشاكل الأسطول التجاري المصري- الحلول الخاصة بمشاكل الموانئ المصرية- خلاصة البحث والنتائج | ||
| 653 | _aاالإقتصاد | ||
| 653 | _aالدول النامية | ||
| 653 | _aالنقل البحري | ||
| 942 | _cكتاب | ||
| 999 |
_c45322 _d45322 |
||